Khảo sát mối tương quan của một số nguyên tố chủ yếu trong nguyên liệu, bán thành phẩm và thành phẩm của vật liệu đất nung, góp phần giải đoán nguồn gốc vật liệu khảo cổ đất nung ở Việt Nam : Tóm tắt luận văn thạc sĩ hoá học /

Bewaard in:
Bibliografische gegevens
Hoofdauteur: Nguyễn Đức Hoài.
Andere auteurs: Nguyễn Ngọc Tuấn, PGS.TS (hướng dẫn.)
Formaat: Thesis
Taal:Vietnamese
Gepubliceerd in: Đà Lạt : Trường Đại học Đà lạt, 2010.
Onderwerpen:
Tags: Voeg label toe
Geen labels, Wees de eerste die dit record labelt!
Thư viện lưu trữ: Thư viện Trường Đại học Đà Lạt
LEADER 01288nam a2200289 4500
001 DLU110119268
005 ##20110404
040 # # |a DLU  |b vie 
041 # # |a vie 
044 # # |a vn 
082 # # |a 543  |b NG-H 
100 # # |a Nguyễn Đức Hoài. 
245 # # |a Khảo sát mối tương quan của một số nguyên tố chủ yếu trong nguyên liệu, bán thành phẩm và thành phẩm của vật liệu đất nung, góp phần giải đoán nguồn gốc vật liệu khảo cổ đất nung ở Việt Nam :  |b Tóm tắt luận văn thạc sĩ hoá học /  |c Nguyễn Đức Hoài; Nguyễn Ngọc Tuấn hướng dẫn. 
260 # # |a Đà Lạt :  |b Trường Đại học Đà lạt,  |c 2010. 
300 # # |a 24 tr. ;  |c 21 cm. 
653 # # |a Khảo cổ  |a Cổ vật  |a Khoáng vật  |a Đất nung  |a Gốm  |a Phân tích kích hoạt phóng xạ  |a Phân tích hàm lượng  |a Phân tích đa nguyên tố 
700 # # |a Nguyễn Ngọc Tuấn,  |c PGS.TS,  |e hướng dẫn. 
915 # # |a Hoá học Phân tích  |b 604429  |c Thạc sĩ  |d Trường Đại học Đà lạt  |e Bộ Giáo dục và Đào tạo 
992 # # |a 0 
994 # # |a DLU 
900 # # |a True 
911 # # |a Đào Thị Thu Huyền 
925 # # |a G 
926 # # |a A 
927 # # |a LA 
980 # # |a Thư viện Trường Đại học Đà Lạt